<?xml version="1.0" encoding="UTF-8"?>
<collection xmlns="http://www.loc.gov/MARC21/slim">
 <record>
  <leader>00408pamaa2200145   4500</leader>
  <controlfield tag="001">0000019251</controlfield>
  <controlfield tag="005">20060922090000.0</controlfield>
  <datafield tag="020" ind1="0" ind2="0">
   <subfield code="a">1560521295 </subfield>
  </datafield>
  <datafield tag="090" ind1="0" ind2="0">
   <subfield code="a">HF5383 </subfield>
   <subfield code="b">MAH 1992</subfield>
  </datafield>
  <datafield tag="100" ind1="1" ind2="0">
   <subfield code="a">MAHONEY </subfield>
  </datafield>
  <datafield tag="245" ind1="1" ind2="0">
   <subfield code="a">Strategic resumes : </subfield>
   <subfield code="b">writing for results  </subfield>
   <subfield code="c">Marci Mahoney.</subfield>
  </datafield>
  <datafield tag="260" ind1="0" ind2="0">
   <subfield code="a">California: </subfield>
   <subfield code="b">Crisp Pub., </subfield>
   <subfield code="c">1992.</subfield>
  </datafield>
  <datafield tag="300" ind1=" " ind2=" ">
   <subfield code="a">iv, 151p.: </subfield>
   <subfield code="b">26cm.</subfield>
  </datafield>
  <datafield tag="650" ind1="0" ind2="0">
   <subfield code="a">Resumes (Employment) </subfield>
  </datafield>
  <datafield tag="650" ind1="0" ind2="0">
   <subfield code="a">Applications for positions </subfield>
  </datafield>
 </record>
</collection>
